| 000 | 00460nam a22001697a 4500 | ||
|---|---|---|---|
| 003 | NUST - PNEC | ||
| 005 | 20170116181119.0 | ||
| 008 | 151004b xxu||||| |||| 00| 0 eng d | ||
| 020 | _a- | ||
| 040 | _cLIBRARY | ||
| 082 | _a670 WIL | ||
| 100 |
_913405 _aWilliam, B. C. |
||
| 245 |
_aModern manufacturing formulas:practical and industrial formulary _cWilliam, B. C. |
||
| 260 | _cc.1978 | ||
| 650 |
_913408 _aManufacturing formulas _xIME |
||
| 942 |
_2ddc _cBK |
||
| 999 |
_c69499 _d69499 |
||